| 000 | 00691nam a22002057a 4500 | ||
|---|---|---|---|
| 999 |
_c11918 _d11918 |
||
| 003 | AR-CdUCM | ||
| 008 | 190405b ||||| |||| 00| 0 spa d | ||
| 040 |
_aMUNICIPALIDAD PROVINCIAL DEL CUSCO _cBIBLIOTECA MUNICIPAL DEL CUSCO |
||
| 082 |
_a980 / _bR74 / 1938 |
||
| 100 |
_aRokha, Pablo de _929535 |
||
| 245 | _aCinco cantos rojos / | ||
| 260 |
_aChile : _bImprenta Esperanto, _c1938. |
||
| 300 |
_a28 páginas ; _c26 cm. |
||
| 505 | _aContenido: Oda a la U.R.S.S. -- Apostrofe al fascismo -- Himno sacro al frente popular -- Epopeya española... | ||
| 650 |
_aFascismo _93453 |
||
| 650 |
_aSocialismo _91037 |
||
| 650 |
_aURSS _92690 |
||
| 942 |
_2ddc _cLIBROS |
||
| 945 |
_adavv _d05/04/2019 |
||